AS Saint-Étienne Squad 2021-2022 - Statistics

General Stats
  • This quiz has been taken 8 times
  • The average score is 17 of 36
Answer Stats
# Position Nation Player % Correct
26 FW Mali Bakary Sako
75%
22 DF France Eliaquim Mangala
75%
31 FW France Enzo Crivelli
75%
14 DF Mali Falaye Sacko
75%
9 FW Senegal Sada Thioub
75%
10 FW Tunisia Wahbi Khazri
75%
27 DF France Yvann Maçon
75%
17 MF France Adil Aouchiche
50%
29 MF Morocco Aimen Moueffek
50%
18 FW France Arnaud Nordin
50%
25 MF Senegal Assane Dioussé
50%
16 GK Senegal Boubacar Fall
50%
- Coach France Claude Puel
50%
20 FW Gabon Denis Bouanga
50%
40 GK England Etienne Green
50%
11 DF Brazil Gabriel Silva
50%
9 FW Uruguay Ignacio Ramírez
50%
- Coach France Julien Sablé
50%
3 DF France Mickaël Nade
50%
13 DF Peru Miguel Trauco
50%
- Coach France Pascal Dupraz
50%
50 GK France Paul Bernardoni
50%
21 FW France Romain Hamouma
50%
7 MF Algeria Ryad Boudebouz
50%
1 GK France Stefan Bajic
50%
5 DF France Timothée Kolodziejczak
50%
22 DF France Alpha Sissoko
25%
15 MF Algeria Bilal Benkhedim
25%
2 DF Cameroon Harold Moukoudi
25%
14 FW Ivory Coast Jean-Philippe Krasso
25%
6 MF France Lucas Gourna-Douath
25%
8 MF France Mahdi Camara
25%
30 FW France Maxence Rivera
25%
4 DF Guinea Saïdou Sow
25%
19 MF Cameroon Yvan Neyou
25%
28 MF France Zaydou Youssouf
25%
No matching quizzes found
Score Distribution
Percent of People with Each Score
Percentile by Number Answered
Your Score History
You have not taken this quiz